Hviezdy futbalu: Lewandowski /
Robert Lewandowski patrí medzi najlepších útočníkov svojej generácie. Jeho cesta na vrchol však nebola jednoduchá, v sedemnástich rokoch dokonca ostal bez klubu. Vlastným úsilím sa však postupne prebojoval cez nižšie poľské ligy až do jednej z najslávnejších futbalových súťaží sveta - nemeckej Bunde...
Uloženo v:
| Hlavní autor: | |
|---|---|
| Médium: | E-kniha |
| Jazyk: | Czech |
| Vydáno: |
Praha :
Albatros Media Slovakia s.r.o.,
2026
|
| Tagy: |
Žádné tagy |
| LEADER | 01347nam a22002297i 4500 | ||
|---|---|---|---|
| 001 | 302747 | ||
| 007 | ta | ||
| 008 | 260514s2026 xr ||||| |||| 00| 0 cze d | ||
| 020 | |a 9788056651681 | ||
| 044 | |a xr | ||
| 100 | 1 | |a Coninx, Harry |4 aut | |
| 245 | 1 | 0 | |a Hviezdy futbalu: Lewandowski / |c Coninx, Harry |
| 240 | 1 | 0 | |a Tales from the Pitch: Lewandowski |
| 264 | 1 | |a Praha : |b Albatros Media Slovakia s.r.o., |c 2026 | |
| 300 | |a 1 online zdroj (120 stran) | ||
| 336 | |a text |b txt |2 rdacontent | ||
| 337 | |a bez média |b n |2 rdamedia | ||
| 338 | |a online zdroj |b cr |2 rdacarrier | ||
| 520 | 2 | |a Robert Lewandowski patrí medzi najlepších útočníkov svojej generácie. Jeho cesta na vrchol však nebola jednoduchá, v sedemnástich rokoch dokonca ostal bez klubu. Vlastným úsilím sa však postupne prebojoval cez nižšie poľské ligy až do jednej z najslávnejších futbalových súťaží sveta - nemeckej Bundesligy. | |
| 910 | |a RBIT002 | ||
| 998 | |d 427005 |a https://core.palmknihy.cz/api/books/427005/cover?tesgil |b https://core.palmknihy.cz/api/books/427005/cover/400?tesgil |c https://core.palmknihy.cz/api/books/427005/cover/50?tesgil |e 2031-02-10 |g 120 |i 9788056651681 |j https://core.palmknihy.cz/api/books/427005/preview.epub |k https://core.palmknihy.cz/api/books/427005/preview.pdf |l |q 49 |r 1 |s https://www.palmknihy.cz/kniha/427005 |t ebook |y 2026 |z 1 | ||
| 999 | |d 302745 | ||